000 01147nam a2200301 i 4500
003 DO-SdBNP
005 20250314113909.0
007 ta
008 240201b2023 dr ac||| |||| 00| 0 spa d
020 _a9789945185904
040 _aDO-SdBNP
_bspa
_cBNPHU
_erda
082 4 _a923.7
_bH831S 2023
_222
100 _aSoto, Nolberto Luis,
_97789
_eautor
245 1 0 _aEugenio María De Hostos y la realidad coyuntural de las Antillas /
_cNolberto Luis Soto ; edición, Miguel Collado
250 _a2a ed. revisada y ampliada
264 4 _aSanto Domingo :
_bCentro de Estudios Hostosianos,
_c2023.
300 _a96 páginas ;
_bIlustraciones, retratos ;
_c23 cm.
336 _2rdacontent
_atexto
_btxt
337 _2rdamedia
_asin mediación
_bn
338 _2rdacarrier
_avolumen
_bnc
500 _aIncluye referencias bibliográficas y notas al pie de las páginas.
500 _aIncluye datos biográficos del autor en las solapas
590 _aInventariado 2024/BT
600 1 4 _aHostos, Eugenio María,
_d1839-1903
_943301
_vHistoria y crítica
700 1 _aCollado, Miguel A.,
_d1954-
_eedición
_924696
910 _aBtavárez
942 _2ddc
_cLBS1
999 _c55747
_d55747